000 00524nam a2200193Ia 4500
005 20250508152347.0
008 008 250505s9999 xx 000 0 eng d
037 _aTextual
040 _aFEDL
_beng
_cFEDL
041 _aeng
_2eng
084 _a301.35, WIL
_qFEDL
100 _aWilliams W.M.
_9345590
245 0 _aCountry craftsman
260 _aLondon, UK
_bRoutledge and Kegan Paul
_c1958
300 _axviii,214p.
650 _aSociology
942 _cTEXL
_h301.35, WIL
999 _c1335910
_d1335910